000
00273 a2200121 4500
001
66150
082
_a
004.68BIN
090
_c
38444
_d
38444
100
_a
Bing, B
245
_a
High speed wireless ATM and LANs
260
_a
London
_b
Artech House
_c
2000
300
_a
249 p
942
_a
NUST-CAE
_k
004.68BIN
999
_c
301223
_d
301223